Регионална библиотека "Любен Каравелов" - Русе

Афродита (Запис номер 400377)

MARC детайли
000 -Лидер
Контролно поле с фиксирана дължина 01546nam a2200349 a 4500
003 - Код на организацията, давaща контролен номер
Контролно поле BLK
005 - Дата и час на последна редакция
Контролно поле 20250630124929.0
008 - Елементи от данни с фиксирана дължина
fixed length control field 180408b bul|||||r ||||||| ||bul||
010 ## - Наследен системен номер
LC control number KNG00059619000
020 ## - Международен стандартен номер на книга ISBN
Международен стандартен номер на книга ISBN 9789545294181
040 ## - Източник на каталожния запис
Идентификатор на билиотеката - собственик на записа BLK
041 ## - Код за език
Код за езика на текст/звукозапис или на отделно заглавие Български
Код за езика КДБФ Български
080 ## - УДК
Текстов определител УДК Чилийска литература
УДК код - определител по УДК 821.134.2(83)
УДК определител -322.6
УДК - код + определител 821.134.2(83)-322.6
080 ## - УДК
Текстов определител УДК Национални ястия
УДК код - определител по УДК 641.568
УДК определител (83)(083.1)
УДК - код + определител 641.568(83)(083.1)
100 1# - Редна дума - Автор
Автор Алиенде, Исабел
Авторска отговорност първи автор
R(LIN) 30822
139 ## - Редно поле
Редна дума Алиенде, Исабел
Авторски знак Али - А 54
245 10 - Сведения за заглавието
Заглавие Афродита
Подзаглавни данни Приказки, рецепти и др. афродизиаци
Редно поле (дума) Исабел Алиенде; прев. от исп. Катя Диманова; ил. Робърт Шектър; рецепти Панчита Льона.
257 ## - Страна на издаване
Страна на създаване/издаване България
260 ## - Област на издателските данни
Място на издаване, разпространение и проч. София
Име на издателя, разпространителя и проч. Колибри
Година на издаване 2020
Печатница София : Дедракс
300 ## - Физическа характеристика
Страници 400 с.
Илюстрации и др. с ил.
Размери/Мащаб 20 см
380 ## - Жанр
Жанр Худож. лит.
500 ## - Общи забележки
Забележка Ориг. загл. Afrodita / Isabel Allende.
653 ## - Ключова дума – ненормативна
Ключова дума готварски рецепти
700 1# - Други автори (авторска отговорност)
Лично име Диманова, Катя Томова
Автороска отговорност (Описва отношението между автора и произведението) прев. от исп.
Друга информация Диманова-Василева, Катя Томова
9 (RLIN) 369177
700 1# - Други автори (авторска отговорност)
Лично име Шектър, Робърт
Автороска отговорност (Описва отношението между автора и произведението) ил.
9 (RLIN) 286346
700 1# - Други автори (авторска отговорност)
Лично име Льона, Панчита
Автороска отговорност (Описва отношението между автора и произведението) рецепти
9 (RLIN) 90135
856 4# - Електронен адрес и достъп
Електронен формат pdf - файл
856 4# - Електронен адрес и достъп
Електронен формат pdf - файл
999 ## - СИСТЕМНИ КОНТРОЛНИ НОМЕРА
Koha biblionumber 400377
Koha biblioitemnumber 400377
942 ## - АРТИКУЛИ
Вид на библиотечния материал Книги
Скрит в OPAC Не
Периодичен библиозапис Да
Koha issues (borrowed), all copies 31
944 ## - СЪЗДАВАНЕ И РЕДАКЦИЯ на ЗАПИСА
Създаване/Редакция Създаване
Дата на регистрацията/редакция 29.05.2006
Служител, извършил регистрацията/редакцията 30531
Статус, дата на статуса Цветелина Шанова
999 ## - СИСТЕМНИ КОНТРОЛНИ НОМЕРА
Koha biblioitemnumber 400377
Наличности
Код за отписване Код за изгубен артикул Източник на класификационната схема Код за повреда Коз за рестрикции Код за отдаване Артикулен № Име на библиотеката - собственик Име на библиотеката, в която се намира в момента Статус (Текущо местоположение) Дата на вписване в системата Местоположение - отдел Цена в лева Систематично азбучна сигнатура Баркод Цена в евро Служебен тип на артикула
  Не е изгубен Universal Decimal Classification Не е повреден без рестрикции заемане за дома 816523 Регионална библиотека "Любен Каравелов" Русе Регионална библиотека "Любен Каравелов" Русе Заемна - подръчен фонд 2021-03-17 Заемна - подръчен фонд 16.00 821-31/А 54 И 120000853709 8.18 Книги
  Не е изгубен Universal Decimal Classification Не е повреден без рестрикции заемане за дома 816524 Регионална библиотека "Любен Каравелов" Русе Регионална библиотека "Любен Каравелов" Русе Заемна - подръчен фонд 2021-03-17 Заемна - подръчен фонд 16.00 821-31/А 54 И 120000853710 8.18 Книги
Vip Innovations Ltd, Rousse, Bulgaria 2025